Nehmotný majetok podniku ako generátor tvorby hodnoty diplomová práca

Na minha lista:
Detalhes bibliográficos
Autor principal: Iváková, Ivana
Autor Corporativo: Fakulta podnikového manažmentu EU. Katedra podnikovohospodárska
Outros Autores: Kardoš, Peter
Formato: Livro
Idioma:eslovaco
Publicado em: Bratislava 2011
Tags: Adicionar Tag
Sem tags, seja o primeiro a adicionar uma tag!

MARC

LEADER 00000nbm a2200000 4500
001 0131568
005 20161109101714.9
041 0 |a slo 
044 |a SK 
245 1 0 |a Nehmotný majetok podniku ako generátor tvorby hodnoty  |b diplomová práca  |c Ivana Iváková ; školiteľ: Peter Kardoš 
264 1 |a Bratislava  |c 2011 
300 |a 80 s. 
100 1 |a Iváková, Ivana 
700 1 |a Kardoš, Peter 
710 2 |a Fakulta podnikového manažmentu EU. Katedra podnikovohospodárska